Institucionalismus a nová institucionální ekonomie

Vznik a všeobecná charakteristika inštitucionalizmu. Zakladatelia amerického inštitucionalizmu. Kritika neoklasickej ekonómie. Najvýznamnejší predstavitelia inštitucionalizmu. Vznik, všeobecná charakteristika novej inštitucionálnej ekonómie a jej predstavitelia.

Guardado en:
Detalles Bibliográficos
Autor principal: Sojka, Milan
Formato: Capítulo de libro
Lenguaje:checo
Materias:
Etiquetas: Agregar Etiqueta
Sin Etiquetas, Sea el primero en etiquetar este registro!

MARC

LEADER 00000naa a2200000 4500
001 r036038
005 20231002105632.8
041 0 |a cze 
044 |a CZ 
245 1 0 |a Institucionalismus a nová institucionální ekonomie  |c Milan Sojka 
520 |a Vznik a všeobecná charakteristika inštitucionalizmu. Zakladatelia amerického inštitucionalizmu. Kritika neoklasickej ekonómie. Najvýznamnejší predstavitelia inštitucionalizmu. Vznik, všeobecná charakteristika novej inštitucionálnej ekonómie a jej predstavitelia. 
610 2 0 |a inštitucionalizmus 
610 2 0 |a teórie ekonomické 
610 2 0 |a myslenie ekonomické 
610 2 0 |a inštitúcia 
610 2 0 |a Veblen, T.B. 
610 2 0 |a Clark, J.M. 
610 2 0 |a Galbraith, J.K. 
610 2 0 |a Myrdal, G.K. 
610 2 0 |a Coase, R.H. 
100 1 |a Sojka, Milan